Renewal of business tenancies (Record no. 103990)

MARC details
000 -LEADER
fixed length control field 01267cam a2200229 4500
008 - FIXED-LENGTH DATA ELEMENTS--GENERAL INFORMATION
fixed length control field 050204n 000 0 eng u
020 ## - INTERNATIONAL STANDARD BOOK NUMBER
International Standard Book Number 0421829605
035 ## - SYSTEM CONTROL NUMBER
System control number (Sirsi) u128711
041 ## - LANGUAGE CODE
Language code of text/sound track or separate title eng
050 ## - LIBRARY OF CONGRESS CALL NUMBER
Classification number 346.4104343
-- 18
100 ## - MAIN ENTRY--PERSONAL NAME
Personal name Reynolds, Kirk
245 ## - TITLE STATEMENT
Title Renewal of business tenancies
Remainder of title first supplement to the second edition
260 ## - PUBLICATION, DISTRIBUTION, ETC.
Place of publication, distribution, etc. xx, 231p.
Date of publication, distribution, etc. 24cm.
300 ## - PHYSICAL DESCRIPTION
Extent London
Other physical details Sweet and Maxwell
Dimensions 2005
520 ## - SUMMARY, ETC.
Summary, etc. Supplement updating the main work (ISBN 0421740302) with changes enacted by the Regulatory Reform (Business Tenancies) (England and Wales) Order 2003, which came into force on 1 June 2004. Part one has been designed for use only where the new regime under the 2003 Order has effect and describes the relevant new procedures and provisions. Part two notes up the main text by paragraph numbers, with cross references to part one. Part three reprints the 2003 Order and parts of the Landlord and Tenant Act 1954, incorporating amendments made by the 2003 Order.
650 ## - SUBJECT ADDED ENTRY--TOPICAL TERM
Topical term or geographic name entry element REGULATORY REFORM (BUSINESS TENANCIES) (ENGLAND AND WALES) ORDER 2003
650 ## - SUBJECT ADDED ENTRY--TOPICAL TERM
Topical term or geographic name entry element LANDLORD AND TENANT ACT 1954 PART II
650 ## - SUBJECT ADDED ENTRY--TOPICAL TERM
Topical term or geographic name entry element BUSINESS TENANCIES
690 ## - LOCAL SUBJECT ADDED ENTRY--TOPICAL TERM (OCLC, RLIN)
Topical term or geographic name as entry element LANDLORD AND TENANT-BUSINESS TENANCIES
700 ## - ADDED ENTRY--PERSONAL NAME
Personal name Clark, Wayne
942 ## - ADDED ENTRY ELEMENTS (KOHA)
Suppress in OPAC 0
Holdings
Withdrawn status Lost status Source of classification or shelving scheme Damaged status Not for loan Home library Current library Shelving location Date acquired Total Checkouts Full call number Barcode Date last seen Copy number Price effective from Koha item type
    Dewey Decimal Classification     London London Basement 28/01/2008   RESERVE SHELF 443 128711-1001 06/08/2019 1 06/08/2019 Book